[Event "FIDE Zonal 2.5 Open 2019"]
[Site "Montevideo"]
[Date "2019.04.19"]
[Round "9.25"]
[White "Campora, Edgardo"]
[Black "Fein, Jorge"]
[Result "0-1"]
[WhiteElo "1705"]
[BlackElo "1648"]
[Annotator "NA"]
[PlyCount "96"]
[EventDate "2019.04.13"]
[EventType "swiss"]
[EventCountry "URU"]
[SourceTitle "playchess.com"]
[Source "ChessBase"]
[SourceQuality "1"]
[TimeControl "40/5400+30:1800+30"]

1. e4 {[%emt 0:00:00]} e5 {[%emt 0:00:00]} 2. Nf3 {[%emt 0:00:00]} Nc6 3. Bc4 {[%emt 0:00:01]} Bc5 {[%emt 0:00:08]} 4. c3 {[%emt 0:00:05]} d6 {[%emt 0:00:40]} 5. a4 {[%emt 0:00:11]} a5 {[%emt 0:00:44]} 6. d3 {[%emt 0:00:07]} h6 {[%emt 0:02:23]} 7. Nbd2 {[%emt 0:00:06]} Nf6 {[%emt 0:00:12]} 8. Bb3 {[%emt 0:07:37]} O-O {[%emt 0:01:15]} 9. Qe2 {[%emt 0:01:01]} Re8 {[%emt 0:05:08]} 10. Nf1 {[%emt 0:04:48]} Be6 {[%emt 0:02:37]} 11. Bc2 {[%emt 0:01:07]} Rb8 {[%emt 0:12:00]} 12. Be3 {[%emt 0:03:34]} Ba7 {[%emt 0:01:39]} 13. Ng3 {[%emt 0:03:53]} Bxe3 {[%emt 0:03:38]} 14. Qxe3 {[%emt 0:00:46]} Ne7 {[%emt 0:06:50]} 15. O-O {[%emt 0:05:51]} c6 {[%emt 0:04:38]} 16. d4 {[%emt 0:06:58]} Ng6 {[%emt 0:06:36]} 17. Rfd1 {[%emt 0:02:46]} Qc8 {[%emt 0:04:57]} 18. Nf5 {[%emt 0:10:39]} Ng4 {[%emt 0:12:48]} 19. Qd2 {[%emt 0:06:45]} Bxf5 {[%emt 0:02:57]} 20. exf5 {[%emt 0:00:43]} Ne7 {[%emt 0:01:27]} 21. h3 {[%emt 0:01:00]} Nf6 {[%emt 0:01:05]} 22. dxe5 {[%emt 0:00:35]} dxe5 {[%emt 0:00:22]} 23. Nxe5 {[%emt 0:00:18]} Nxf5 {[%emt 0:00:45]} 24. Qf4 {[%emt 0:00:13]} Ne7 {[%emt 0:03:26]} 25. Bb3 {[%emt 0:00:59]} Ned5 {[%emt 0:03:25]} 26. Rxd5 {[%emt 0:05:14]} cxd5 {[%emt 0:02:49]} 27. Bxd5 {[%emt 0:00:19]} Nxd5 {[%emt 0:03:34]} 28. Qxf7+ {[%emt 0:00:28]} Kh7 {[%emt 0:00:18]} 29. Qxd5 {[%emt 0:00:18]} Qe6 {[%emt 0:00:39]} 30. Qd3+ {[%emt 0:00:41]} Kg8 {[%emt 0:00:55]} 31. Nf3 {[%emt 0:16:54]} Rbd8 {[%emt 0:00:38]} 32. Qb5 {[%emt 0:00:25]} Qe2 {[%emt 0:04:32]} 33. Qxb7 {[%emt 0:01:54]} Rd1+ {[%emt 0:04:10]} 34. Rxd1 {[%emt 0:00:36]} Qxd1+ {[%emt 0:00:03]} 35. Kh2 {[%emt 0:00:08]} Qxa4 {[%emt 0:00:55]} 36. Qd5+ {[%emt 0:02:04]} Kh8 {[%emt 0:00:15]} 37. Nd4 {[%emt 0:00:31]} Qa1 {[%emt 0:03:59]} 38. Qf7 {[%emt 0:01:36]} Rg8 {[%emt 0:01:28]} 39. Qg6 {[%emt 0:03:49]} Qxb2 {[%emt 0:01:43]} 40. Ne6 {[%emt 0:10:00]} Qb8+ {[%emt 0:02:39]} 41. f4 {[%emt 0:33:12]} Qe8 {[%emt 0:31:05]} 42. Qg4 {[%emt 0:00:57]} h5 {[%emt 0:00:00]} 43. Qe2 {[%emt 0:00:00]} Qg6 {[%emt 0:00:00]} 44. Qc4 {[%emt 0:00:00]} h4 {[%emt 0:00:00]} 45. Ng5 {[%emt 0:00:00]} Rf8 {[%emt 0:00:00]} 46. Qc5 {[%emt 0:00:00]} Qf5 {[%emt 0:00:00]} 47. Qxf5 {[%emt 0:00:00]} Rxf5 {[%emt 0:00:00]} 48. Ne6 {[%emt 0:00:00]} a4 {[%emt 0:00:00]} 0-1

[Event "FIDE Zonal 2.5 Open 2019"]
[Site "Montevideo"]
[Date "2019.04.19"]
[Round "9.26"]
[White "Romero, Robert"]
[Black "Prieto Perez, Rodrigo"]
[Result "1-0"]
[WhiteElo "1599"]
[BlackElo "2037"]
[Annotator "NA"]
[PlyCount "39"]
[EventDate "2019.04.13"]
[EventType "swiss"]
[EventCountry "URU"]
[SourceTitle "playchess.com"]
[Source "ChessBase"]
[SourceQuality "1"]
[TimeControl "40/5400+30:1800+30"]

1. e4 {[%emt 0:00:00]} e5 2. Nf3 {[%emt 0:00:00]} Nc6 {[%emt 0:00:00]} 3. Bc4 {[%emt 0:01:10]} Bc5 {[%emt 0:00:00]} 4. O-O {[%emt 0:00:27]} Nf6 5. d3 O-O {[%emt 0:02:02]} 6. Bg5 {[%emt 0:01:45]} d6 {[%emt 0:07:30]} 7. Nc3 {[%emt 0:05:41]} h6 8. Bh4 {[%emt 0:01:31]} Be6 {[%emt 0:03:49]} 9. Nd5 {[%emt 0:01:50]} Bxd5 {[%emt 0:06:06]} 10. Bxd5 {[%emt 0:00:45]} Na5 {[%emt 0:04:20]} 11. a3 {[%emt 0:00:09]} c6 {[%emt 0:00:37]} 12. Ba2 {[%emt 0:00:33]} d5 {[%emt 0:05:29]} 13. exd5 {[%emt 0:00:27]} cxd5 {[%emt 0:00:33]} 14. b4 {[%emt 0:03:50]} e4 15. bxc5 {[%emt 0:00:23]} exf3 {[%emt 0:01:36]} 16. Qxf3 {[%emt 0:01:53]} g5 {[%emt 0:03:19]} 17. Bg3 {[%emt 0:08:08]} Nc6 {[%emt 0:05:20]} 18. c3 {[%emt 0:04:53]} Rc8 {[%emt 0:03:42]} 19. Rfe1 {[%emt 0:00:50]} d4 20. Bd6 1-0